000 00366nam a2200145Ia 4500
008 230917s9999||||xx |||||||||||||| ||und||
040 _e134268
_aMAIN
041 _aEnglish
082 _a621.3 N143 I
100 _aNaidu, M S
245 0 _aIntroduction to Elecrtical Engineering
260 _aNew Delhi
_bTata McGraw-Hill
_c2005
300 _a741 p.
942 _cBK
999 _c129715
_d129715